[Event "HUN-chT2 Erkel 1718"]
[Site "Hungary"]
[Date "2018.03.04"]
[Round "9.10"]
[White "Todor, Sandor"]
[Black "Liptak, Tibor"]
[Result "1/2-1/2"]
[WhiteElo "1899"]
[BlackElo "1793"]
[PlyCount "62"]
[EventDate "2017.09.24"]
[EventType "team-tourn"]
[EventRounds "11"]
[EventCountry "HUN"]
[SourceTitle "EXT 2021"]
[Source "ChessBase"]
[SourceDate "2020.10.23"]
[SourceVersion "1"]
[SourceVersionDate "2020.10.23"]
[SourceQuality "1"]
[WhiteTeam "Gyongyos Energia"]
[BlackTeam "Pestszentlorinc"]
[WhiteTeamCountry "HUN"]
[BlackTeamCountry "HUN"]

1. d4 Nf6 2. c4 c5 3. d5 e6 4. Nc3 exd5 5. cxd5 d6 6. g3 g6 7. Bg2 Bg7 8. Nf3 0-0 9. 0-0 a6 10. a4 b6 11. Re1 Nbd7 12. Bf4 Qe7 13. e4 Ne5 14. Nxe5 dxe5 15. Bg5 Qd6 16. Qd2 Bd7 17. Rac1 Ng4 18. h3 h6 19. hxg4 hxg5 20. Bh3 Bf6 21. b3 Kg7 22. Nd1 Rh8 23. Bg2 Bxg4 24. Ne3 Bd7 25. Nc4 Qc7 26. d6 Qb7 27. f4 gxf4 28. gxf4 Rae8 29. Qc3 Rh5 30. Qf3 Bc6 31. d7 Rd8 1/2-1/2

[Event "HUN-chT2 Erkel 1516"]
[Site "Hungary"]
[Date "2016.02.28"]
[Round "8.9"]
[White "Todor, Sandor"]
[Black "Katona, Sandor"]
[Result "1/2-1/2"]
[WhiteElo "1888"]
[BlackElo "1967"]
[PlyCount "36"]
[EventDate "2015.09.13"]
[EventType "team-tourn"]
[EventRounds "11"]
[EventCountry "HUN"]
[SourceTitle "EXT 2017"]
[Source "ChessBase"]
[SourceDate "2016.10.25"]
[SourceVersion "1"]
[SourceVersionDate "2016.10.25"]
[SourceQuality "1"]
[WhiteTeam "Paszto"]
[BlackTeam "Pestszentlorinc"]
[WhiteTeamCountry "HUN"]
[BlackTeamCountry "HUN"]

1. d4 d6 2. Nf3 Nf6 3. g3 g6 4. Bg2 Bg7 5. 0-0 0-0 6. Re1 Nbd7 7. e4 e5 8. dxe5 dxe5 9. Nc3 c6 10. h3 Qc7 11. Be3 Re8 12. Qd2 b5 13. a3 Bf8 14. Rad1 a5 15. Bh6 Bc5 16. Be3 b4 17. Bxc5 Nxc5 18. axb4 axb4 1/2-1/2

[Event "HUN-chT2 Erkel 1314"]
[Site "Hungary"]
[Date "2014.02.16"]
[Round "7.8"]
[White "Kovacs, Tamas"]
[Black "Todor, Sandor"]
[Result "1-0"]
[WhiteElo "2153"]
[BlackElo "1883"]
[PlyCount "69"]
[EventDate "2013.09.08"]
[EventType "team-tourn"]
[EventRounds "11"]
[EventCountry "HUN"]
[SourceTitle "EXT 2016"]
[Source "ChessBase"]
[SourceDate "2015.10.08"]
[SourceVersion "1"]
[SourceVersionDate "2015.10.08"]
[SourceQuality "1"]
[WhiteTeam "Gyongyos Matra"]
[BlackTeam "Paszto"]
[WhiteTeamCountry "HUN"]
[BlackTeamCountry "HUN"]

1. d4 e6 2. c4 d5 3. Nc3 Nf6 4. cxd5 exd5 5. Bg5 Be7 6. e3 0-0 7. Bd3 Bg4 8. Qc2 h6 9. Bxf6 Bxf6 10. Qb3 Be6 11. Qxb7 Nd7 12. Nxd5 Bxd5 13. Qxd5 c5 14. Nf3 cxd4 15. Nxd4 Ne5 16. Qxd8 Raxd8 17. Be2 Rfe8 18. 0-0-0 Rb8 19. Rd2 Rec8+ 20. Rc2 Rd8 21. Rd1 Rdc8 22. h3 a5 23. Rdd2 a4 24. Rxc8+ Rxc8+ 25. Rc2 Rb8 26. Rc7 a3 27. bxa3 Ra8 28. Nb5 Bd8 29. Rb7 Kf8 30. Nd4 Be7 31. a4 Ba3+ 32. Kc2 Rxa4 33. f4 Ng6 34. Rb8+ Ke7 35. Kb3 1-0

[Event "HUN-chT2 Erkel 1314"]
[Site "Hungary"]
[Date "2013.11.17"]
[Round "5.9"]
[White "Todor, Sandor"]
[Black "Hajnal, Gyula"]
[Result "1-0"]
[WhiteElo "1883"]
[BlackElo "1951"]
[PlyCount "65"]
[EventDate "2013.09.08"]
[EventType "team-tourn"]
[EventRounds "11"]
[EventCountry "HUN"]
[SourceTitle "EXT 2016"]
[Source "ChessBase"]
[SourceDate "2015.10.08"]
[SourceVersion "1"]
[SourceVersionDate "2015.10.08"]
[SourceQuality "1"]
[WhiteTeam "Paszto"]
[BlackTeam "Mezokovesd"]
[WhiteTeamCountry "HUN"]
[BlackTeamCountry "HUN"]

1. d4 d5 2. c4 e6 3. Nf3 Nf6 4. Nc3 c6 5. e3 Be7 6. Be2 0-0 7. 0-0 h6 8. Ne5 Nbd7 9. f4 Re8 10. Qc2 Nf8 11. a3 g6 12. Bd2 Kg7 13. Rf3 dxc4 14. Bxc4 Nd5 15. Bd3 f5 16. Raf1 Bf6 17. Ne2 Ne7 18. Bb4 Nd5 19. Bxf8+ Rxf8 20. g4 Ne7 21. Ng3 Bh4 22. gxf5 exf5 23. Qg2 Bxg3 24. Rxg3 Rf6 25. Be2 Be6 26. h4 Bd5 27. Bf3 Kh7 28. h5 Qd6 29. Kh2 Rg8 30. Rg1 Rg7 31. Qe2 Qe6 32. hxg6+ Nxg6 33. Bh5 1-0

[Event "HUN-chT2 Erkel 0910"]
[Site "Hungary"]
[Date "2010.05.02"]
[Round "11.9"]
[White "Todor, Sandor"]
[Black "Frank, Jozsef"]
[Result "0-1"]
[WhiteElo "1881"]
[BlackElo "2016"]
[PlyCount "128"]
[EventDate "2009.11.08"]
[EventType "team-tourn"]
[EventRounds "11"]
[EventCountry "HUN"]
[SourceTitle "EXT 2011"]
[Source "ChessBase"]
[SourceDate "2010.11.26"]
[SourceVersion "1"]
[SourceVersionDate "2010.11.26"]
[SourceQuality "1"]
[WhiteTeam "Paszto"]
[BlackTeam "Dunaharaszti"]
[WhiteTeamCountry "HUN"]
[BlackTeamCountry "HUN"]

1. d4 d5 2. c4 c6 3. e3 Nf6 4. Nc3 g6 5. Nf3 Bg7 6. Be2 0-0 7. 0-0 Bg4 8. c5 Nbd7 9. h3 Bxf3 10. Bxf3 e5 11. dxe5 Nxe5 12. Be2 Qa5 13. Na4 Rad8 14. Bd2 Qc7 15. Qe1 Qe7 16. Bc3 Ne4 17. Bd4 Nd7 18. Rc1 Rfe8 19. Bd3 Bxd4 20. exd4 Qh4 21. Qb4 Ng5 22. Rfe1 Ne6 23. Bf1 Qxd4 24. Qa3 a5 25. Re3 Nc7 26. Rxe8+ Rxe8 27. Nb6 Nxb6 28. cxb6 Qxb6 29. b3 Qb4 30. Qb2 a4 31. Qc2 axb3 32. axb3 Ne6 33. Rb1 Nc5 34. Qd1 Ne4 35. Qg4 Qb6 36. Qf4 Re6 37. Rb2 Rf6 38. Qe3 Qxe3 39. fxe3 Re6 40. b4 Ng3 41. Rb3 b6 42. Kf2 Ne4+ 43. Ke1 f5 44. Kd1 Kg7 45. Be2 Kf6 46. Bf3 Ke5 47. Kc2 Re8 48. Ra3 c5 49. bxc5 bxc5 50. Ra7 h5 51. Rg7 Re6 52. g4 hxg4 53. hxg4 f4 54. exf4+ Kxf4 55. Bd1 Ke3 56. Rf7 Rf6 57. Re7 Kd4 58. Kb3 c4+ 59. Kc2 Ng3 60. Re1 Rf2+ 61. Kc1 Ra2 62. Bc2 Ra1+ 63. Kd2 Ne4+ 64. Bxe4 Rxe1 0-1

[Event "HUN-chT2 Erkel 0809"]
[Site "Hungary"]
[Date "2009.01.11"]
[Round "5.11"]
[White "Todor, Sandor"]
[Black "Tomasek, Tamas Mate"]
[Result "0-1"]
[WhiteElo "1904"]
[BlackElo "1915"]
[PlyCount "120"]
[EventDate "2008.10.26"]
[EventType "team-tourn"]
[EventRounds "11"]
[EventCountry "HUN"]
[SourceTitle "EXT 2010"]
[Source "ChessBase"]
[SourceDate "2010.11.25"]
[SourceVersion "1"]
[SourceVersionDate "2010.11.25"]
[SourceQuality "1"]
[WhiteTeam "Paszto"]
[BlackTeam "Foti"]
[WhiteTeamCountry "HUN"]
[BlackTeamCountry "HUN"]

1. d4 d5 2. c4 e6 3. Nc3 c6 4. e3 Nf6 5. Bd3 Nbd7 6. Nf3 dxc4 7. Bxc4 b5 8. Bd3 b4 9. Ne4 c5 10. Nxf6+ Nxf6 11. 0-0 Bd7 12. Ne5 cxd4 13. exd4 Be7 14. Bg5 0-0 15. Rc1 Nd5 16. Bxe7 Nxe7 17. Rc5 f6 18. Nxd7 Qxd7 19. Re1 Nd5 20. Bb5 Qd6 21. Rc6 Qd7 22. Rexe6 Rfd8 23. Qe1 a5 24. Bc4 Kf8 25. Rc5 Nf4 26. Re4 Qg4 27. g3 Rxd4 28. Rxf4 Rxf4 29. Be6 Re4 30. Bxg4 Rxe1+ 31. Kg2 Re5 32. Rc7 Re7 33. Rc5 g6 34. Bf3 Raa7 35. Rc6 Kg7 36. a3 bxa3 37. bxa3 Rec7 38. Rb6 a4 39. Bd5 Rc3 40. Rb8 f5 41. h4 Kf6 42. Re8 Re7 43. Ra8 Rxa3 44. Bc6 Re6 45. Rxa4 Rxa4 46. Bxa4 Ke5 47. Kf3 Kd4 48. Bb3 Re7 49. Bc2 Kc3 50. Ba4 Kd2 51. Bb5 Ke1 52. h5 Rb7 53. Be8 g5 54. Bc6 Rb2 55. g4 Rxf2+ 56. Kg3 f4+ 57. Kh3 Rc2 58. Be4 Rd2 59. Bxh7 Kf1 60. Be4 Kg1 0-1

[Event "HUN-chT2 Erkel 0708"]
[Site "Hungary"]
[Date "2008.02.17"]
[Round "6"]
[White "Todor, Sandor"]
[Black "Koszegi, Lajos"]
[Result "1/2-1/2"]
[WhiteElo "1898"]
[BlackElo "2066"]
[PlyCount "29"]
[EventDate "2007.10.14"]
[EventType "team"]
[EventRounds "11"]
[EventCountry "HUN"]
[SourceTitle "EXT 2009"]
[Source "ChessBase"]
[SourceDate "2008.11.26"]
[SourceVersion "1"]
[SourceVersionDate "2008.11.26"]
[SourceQuality "1"]
[WhiteTeam "Paszto"]
[BlackTeam "Godollo"]
[WhiteTeamCountry "HUN"]
[BlackTeamCountry "HUN"]

1. d4 g6 2. c4 Bg7 3. Nc3 d6 4. Nf3 Nf6 5. h3 0-0 6. e4 Nbd7 7. Be2 e5 8. dxe5 dxe5 9. 0-0 c6 10. Qc2 Qc7 11. Be3 Re8 12. Rac1 Nf8 13. Rfd1 Ne6 14. b4 Nf4 15. Bf1 1/2-1/2